Автоматизация анализа и синтеза линейных систем автоматического управления с использованием графов связей и системы "МАРС"; Автоматизация управления и АСУ ТП

Bibliografiske detaljer
Parent link:Автоматизация управления и АСУ ТП.— 1977.— С. 76-84
Hovedforfatter: Малышенко А. М. Александр Максимович
Andre forfattere: Петерс Д. П., Яковлев В. В.
Sprog:russisk
Udgivet: 1977
Fag:
Format: MixedMaterials Book Chapter
KOHA link:https://koha.lib.tpu.ru/cgi-bin/koha/opac-detail.pl?biblionumber=271579

MARC

LEADER 00000naa2a2200000 4500
001 271579
005 20231219103202.0
035 |a (RuTPU)RU\TPU\book\294780 
090 |a 271579 
100 |a 20141009d1977 k y0rusy50 ca 
101 0 |a rus 
102 |a RU 
200 1 |a Автоматизация анализа и синтеза линейных систем автоматического управления с использованием графов связей и системы "МАРС"  |f А. М. Малышенко, Д. П. Петерс, В. В. Яковлев  
463 0 |0 (RuTPU)RU\TPU\book\115809  |t Автоматизация управления и АСУ ТП  |o научно-технический сборник  |f под ред. В. М. Разина [и др.]  |v С. 76-84   |d 1977  |p 187 с. 
610 1 |a труды учёных ТПУ 
700 1 |a Малышенко  |b А. М.  |c специалист в области информатики и вычислительной техники  |c профессор Томского политехнического университета, доктор технических наук  |c член-корреспондент Академии электротехнических наук РФ  |c действительный член Международной академии наук высшей школы  |f 1937-  |g Александр Максимович  |3 (RuTPU)RU\TPU\pers\21983  |9 9294 
701 1 |a Петерс  |b Д. П. 
701 1 |a Яковлев  |b В. В. 
801 1 |a RU  |b 63413507  |c 20141009 
942 |c BK